000 00598nam a22002057a 4500
999 _c173279
_d173279
005 20200221120359.0
010 _aENG-127935
020 _a9789353282905
_c495.00
035 _aEN-111467
037 _bDBAD/PUB
082 _a658.452
100 _aVora, Sejal
245 _aThe power of data storytelling
_cby Sejal Vora
250 _a2019
260 _aNew Delhi
_bSage Publication India
_c2019
270 _aB1/1-1 Mohan Cooperative Industrial Area Mathura Road
_bNew Delhi
_e110044
300 _axiii;203p.
_c22cm(pbk)
500 _a
942 _2ddc
_cEN
_h658.452
_mVOR